00000000nam 2200000zi 4500
0019.944500
003CaOODSP
00520250822142639
006m     o  d f      
007cr |n|||||||||
008241025t20242024onca    o    f00| 0 fre d
020 |a9780660741826
040 |aCaOODSP|bfre|erda|cCaOODSP
043 |an-cn---
0861 |aM4-255/2024F-PDF
24500|aPoints saillants de l'évaluation : |bComités consultatifs et de surveillance Autochtones (CCSA).
264 1|a[Ottawa] : |bNatural Resources Canada = Ressources naturelles Canada, |c2024.
264 4|c©2024
300 |a1 ressource en ligne (6, [1] pages) : |billustrations
336 |atexte|btxt|2rdacontent/fre
337 |ainformatique|bc|2rdamedia/fre
338 |aressource en ligne|bcr|2rdacarrier/fre
500 |aPublié aussi en anglais sous le titre : Evaluation highlights: Indigenous Advisory and Monitoring Committees (IAMC).
520 |a« Ce document présente un résumé des conclusions, des recommandations et de la réponse à la première évaluation des Comités consultatifs et de surveillance Autochtones (CCSA). L’évaluation a été réalisée par Innovation 7, sous la direction de la Direction de l’audit et de l’évaluation de Ressources naturelles Canada (RNCan), et en étroite collaboration avec des représentants des CCSA. Les données servant à étayer les conclusions ont été principalement collectées entre septembre 2021 et mai 2022. Par conséquent, l’évaluation ne tient pas compte d’événements et de décisions plus récents ayant une incidence sur la conception et la mise en œuvre des CCSA (par exemple, le Plan d’action concernant la Loi sur la Déclaration des Nations Unies, publié en juin 2023). L’évaluation complète peut être consultée sur le site Web de RNCan »--Contexte, page 1.
650 6|aDéveloppement durable|xPolitique gouvernementale|zCanada.
650 6|aÉnergie|xDéveloppement|xPolitique gouvernementale|zCanada.
650 6|aAutochtones|zCanada|xRelations avec l'État.
650 6|aAutochtones|xPolitique gouvernementale|zCanada.
7101 |aCanada. |bRessources naturelles Canada, |eorganisme de publication.
77508|tEvaluation highlights : |w(CaOODSP)9.944498
7760#|tPoints saillants de l'évaluation : |w(CaOODSP)9.944501
85640|qPDF|s6.86 Mo|uhttps://publications.gc.ca/collections/collection_2025/rncan-nrcan/M4-255-2024-fra.pdf
8564 |qHTML|sS.O.|uhttps://ressources-naturelles.canada.ca/organisation/planification-rapports/audits-et-evaluations/points-saillants-l-evaluation-comites-consultatifs-surveillance-autochtones-ccsa